Statistiques concernant Pays du golfe du Bengale

Cliquez ici pour prendre le quiz!

Statistiques générales

  • Ce quiz a été pris 3,395 fois
  • Le résultat moyen est 5 sur 6

Statistiques - réponses

Pays % Correct
Inde
99%
Bangladesh
94%
Birmanie
94%
Sri Lanka
91%
Thaïlande
91%
Indonésie
72%

Distribution des résultats

Percentile by Number Answered

% des personnes avec chaque résultat

Votre développement - résultats

Vous n’avez pas pris ce quiz